ASOIAF Minefield: Order of Death Quiz Stats

 Plays Quiz Updated Aug 22, 2017

Support Sporcle.
Go Orange.
Score 0/16 Timer 07:00
5 Plays Today
% Correct
???
99.8%
???
78.5%
???
71%
???
68.7%
???
55.8%
???
43.3%
???
37.6%
???
33.3%
% Correct
???
17.7%
???
15.3%
???
10.9%
???
7.6%
???
7.5%
???
5.9%
???
5.8%
???
5.5%

From the Vault

European Countries Border Blitz

by seacowman01

Geography 60s
You give us one, we'll give you a bunch. Sound fair?
Remove Ads.
Support Sporcle.
Get the best of Sporcle when you Go Orange. This ad-free experience offers more features, more stats, and more fun while also helping to support Sporcle. Thank you for becoming a member.

Show Comments

Extras

Top Quizzes Today


Score Distribution

Your Account Isn't Verified!

In order to create a playlist on Sporcle, you need to verify the email address you used during registration. Go to your Sporcle Settings to finish the process.

Report this User

Report this user for behavior that violates our Community Guidelines.

Details: